The Flash Quiz - Statistics

General Stats
  • This quiz has been taken 1,183 times
  • The average score is 11 of 12
Answer Stats
Hint Answer % Correct
Barry's last name Allen
99%
Tech nerd at Star Labs Cisco
96%
Color of Barry's suit Red
96%
His step sisters name Iris
94%
His stepfather Joe
93%
Caitlin's supervillian name Killer Frost
90%
Barry's mother Nora
90%
Cisco's superhero name Vibe
90%
Evil ex-owner of Stars Labs Harrison
86%
Red head scientist at Start Labs Caitlin
85%
Barry's hero friend from Star City Oliver
84%
Cold, robbing villian Leonard
70%
No matching quizzes found
Score Distribution
Percent of People with Each Score
Percentile by Number Answered
Your Score History
You have not taken this quiz